| Tag |
First Indicator |
Second Indicator |
Subfields |
| LEADER |
00000cam a2200000 a 4500 |
| 001 |
in00001406461 |
| 005 |
20151020072711.0 |
| 008 |
970401s1998 enk b 001 0 eng |
| 010 |
|
|
|a 97008645
|
| 020 |
|
|
|a 0415166772
|
| 035 |
|
|
|a (OCoLC)36713044
|
| 035 |
|
|
|9 AHQ3398AM
|
| 040 |
|
|
|a DLC
|c DLC
|d TXA
|d UtOrBLW
|
| 049 |
|
|
|a TXAM
|
| 050 |
0 |
0 |
|a JC336
|b .M33 1998
|
| 082 |
0 |
0 |
|a 301
|2 21
|
| 100 |
1 |
|
|a Madison, Gary Brent.
|
| 245 |
1 |
4 |
|a The political economy of civil society and human rights /
|c G.B. Madison.
|
| 264 |
|
1 |
|a London ;
|a New York :
|b Routledge,
|c 1998.
|
| 300 |
|
|
|a xv, 301 pages ;
|c 24 cm.
|
| 336 |
|
|
|a text
|b txt
|2 rdacontent
|
| 337 |
|
|
|a unmediated
|b n
|2 rdamedia
|
| 338 |
|
|
|a volume
|b nc
|2 rdacarrier
|
| 490 |
1 |
|
|a Routledge studies in social and political thought ;
|v 9
|
| 504 |
|
|
|a Includes bibliographical references (pages 273-292) and indexes.
|
| 650 |
|
0 |
|a Civil society.
|
| 830 |
|
0 |
|a Routledge studies in social and political thought ;
|v 9.
|
| 948 |
|
|
|a c:ktn
|
| 999 |
|
|
|a MARS
|
| 999 |
f |
f |
|s 55ae460d-657c-3da7-9a18-3151a53b740c
|i 39ea7aaf-9629-3c65-a4e1-8c6566f4b79c
|t 0
|
| 952 |
f |
f |
|p ric
|a Texas A&M University
|b Rellis Campus
|c Joint Library Facility
|d Remote Storage
|t 0
|e JC336 .M33 1998
|h Library of Congress classification
|i unmediated -- volume
|m A14822438292
|
| 998 |
f |
f |
|a JC336 .M33 1998
|t 0
|l Remote Storage
|